| 000 | 01559nam a2200325 a 4500 | ||
|---|---|---|---|
| 001 | |||
| 003 | DO-SdBNP | ||
| 005 | 20210913122748.0 | ||
| 008 | 090917s2009 dr a 001 0 spa d | ||
| 040 |
_aDO-SdBNP _bspa _cBPMSU |
||
| 082 |
_a972.93053 _bC636m 2009 _222 |
||
| 100 | 1 | _aClime, Danilo P. | |
| 245 | 1 | 0 |
_a1937 : A cuchillos largos en el Caribe: _b(consideraciones en torno a una crueles matanzas. Breves reflexiones desde la perspectiva de una sociología de las ideas políticas) _cDanilo P. Clime |
| 246 | 1 | 3 | _aMil novecientos treinta y siete : a cuchillos largos en el Caribe |
| 260 |
_aSanto Domingo : _bInstituto para el Estudio de la Conducta Política, _c2009. |
||
| 300 |
_a252 p. : _bil. ; _c22 cm. |
||
| 500 | _aIncluye índice onomástico | ||
| 500 | _aIncluye datos biográficos del autor en las solapas. | ||
| 500 | _aIncluye referencias bibliográficas y notas al pies de las páginas. | ||
| 500 | _aConsideraciones en torno a unas crueles matanzas. Breves reflexiones desde la perspectiva de una sociología de las ideas políticas | ||
| 504 | _a | ||
| 504 | _aBibliografías (p. 241-252) | ||
| 600 | 1 | 4 |
_aTrujillo Molina, Rafael Leónidas, _d1891-1961. |
| 650 | 4 |
_aCaudillos _zRepública Dominicana _xHistoria |
|
| 651 | 4 |
_aRepública Dominicana _xHistoria _yEra de Trujillo, 1930-1961 |
|
| 651 | 4 |
_aRepública Dominicana _xRelaciones _zHaití |
|
| 651 | 4 |
_aRepública Dominicana _xPolítica y gobierno _y1930-1961. |
|
| 910 | _aVMateo V. | ||
| 942 |
_2ddc _cBK |
||
| 999 |
_c13723 _d13723 |
||